| 000 | 00885nam a2200217Ii 4500 | ||
|---|---|---|---|
| 003 | JO-AjNU | ||
| 008 | 230605s9999||||xx |||||||||||||| ||und|| | ||
| 017 | _a2002/2/429 | ||
| 040 |
_aJO-AjNU _bara _erda _cJO-AjNU |
||
| 041 | _aara | ||
| 050 | 1 | 4 | _aPJ7760.S2.M37 2002 |
| 100 | 3 |
_aدراسة وتحقيق الدروبي،سمير , _eauthor _920683 |
|
| 245 | 0 | 0 | _aمقامة رشف الرحيق في وصف الحريق: مقامة في حرب المدن بين المسلمين والفرنجة لصلاح الدين خليل بن أيبك الصفدي ت 764هـ - 1362م |
| 250 | _aط1 | ||
| 264 | 3 | 1 | _aعمان:دار البشير،2002 |
| 300 |
_a136ص _bفهرس:ص(79-123) |
||
| 336 |
_atext _btxt _2rdacontent |
||
| 337 |
_aunmediated _bn _2rdamedia |
||
| 338 |
_avolume _bnc _2rdacarrier |
||
| 650 | 4 |
_a المقامات العربية - العصر المملوكي _920684 |
|
| 999 |
_aA7056 _c10624 _d10624 |
||